| 000 | 00454nam a22001697a 4500 | ||
|---|---|---|---|
| 999 |
_c523829 _d523829 |
||
| 003 | NUST | ||
| 038 | _awaseem | ||
| 082 |
_a330.9 _bMAL |
||
| 100 |
_aMalik, Abdullaha _914598 |
||
| 245 |
_aEurope Ameer Kaisay Bana / _cAbdullaha Malik |
||
| 260 |
_aLahore : _bNigarshat, _c1988. |
||
| 300 | _a183 p. ; | ||
| 500 | _aPaperback. | ||
| 880 |
_6100-02\r _aعبداللہ ملک |
||
| 880 |
_6245-02\r _aیورپ امیر کیسے بنا / |
||
| 942 |
_2ddc _cBK |
||